| 000 -LEADER |
| fixed length control field |
01835cas a2200421 a 4500 |
| 022 0# - INTERNATIONAL STANDARD SERIAL NUMBER |
| International Standard Serial Number |
0081-4601 |
| 082 10 - DEWEY DECIMAL CLASSIFICATION NUMBER |
| Classification number |
050 |
| Author Mark |
STA |
| 245 04 - TITLE STATEMENT |
| Title |
The Statesman's year-book. |
| 260 ## - PUBLICATION, DISTRIBUTION, ETC. |
| Place of publication, distribution, etc. |
London [etc.] : |
| Name of publisher, distributor, etc. |
Palgrave [etc.] |
| 300 ## - PHYSICAL DESCRIPTION |
| Extent |
xxxi. 1458 p: |
| Other physical details |
maps (part fold., part col.) ; |
| Dimensions |
19 cm. |
| 500 ## - GENERAL NOTE |
| General note |
"Statistical and historical annual of the states of the world. Rev. after official returns." |
| 500 ## - GENERAL NOTE |
| General note |
"The politics, cultures and economies of the world"-- 2014 ed. |
| 500 ## - GENERAL NOTE |
| General note |
Editors: 1864-1882, F. Martin ; 1883-1926, J.S. Keltie (with I.P.A. Renwick, 1895-1910; M. Epstein, 1913-1926) ; 1927-1946, M. Epstein ; 1947-1967/1968, S.H. Steinberg ; 1968/1969-1969/1970, S.H. Steinberg (with J. Paxton) ; 1970/1971-1990, J. Paxton ; 1990-1997, B. Hunter ; 1998-<2014> Barry Turner. |
| 500 ## - GENERAL NOTE |
| General note |
In 1899 in addition to the regular ed. there was pub. an "American edition." |
| 526 ## - STUDY PROGRAM INFORMATION NOTE |
| Program name |
0 |
| Interest level |
0 |
| Reading level |
0 |
| Title point value |
050_000000000000000_STA |
| 526 ## - STUDY PROGRAM INFORMATION NOTE |
| Program name |
0 |
| Interest level |
0 |
| Reading level |
0 |
| Title point value |
050_000000000000000_STA |
| 526 ## - STUDY PROGRAM INFORMATION NOTE |
| Program name |
0 |
| Interest level |
0 |
| Reading level |
0 |
| Title point value |
050_000000000000000_STA |
| 590 ## - LOCAL NOTE (RLIN) |
| Local note |
SERBIB/SERLOC merged record |
| 650 #0 - SUBJECT ADDED ENTRY--TOPICAL TERM |
| Topical term or geographic name entry element |
MCE |
| 9 (RLIN) |
379 |
| 650 #0 - SUBJECT ADDED ENTRY--TOPICAL TERM |
| Topical term or geographic name entry element |
Political science |
| 9 (RLIN) |
335 |
| 650 #4 - SUBJECT ADDED ENTRY--TOPICAL TERM |
| Topical term or geographic name entry element |
Political science |
| General subdivision |
Periodicals. |
| 9 (RLIN) |
49156 |
| 650 #6 - SUBJECT ADDED ENTRY--TOPICAL TERM |
| Topical term or geographic name entry element |
Géographie économique |
| 9 (RLIN) |
49157 |
| 650 #6 - SUBJECT ADDED ENTRY--TOPICAL TERM |
| Topical term or geographic name entry element |
Histoire universelle |
| 9 (RLIN) |
49158 |
| 650 #6 - SUBJECT ADDED ENTRY--TOPICAL TERM |
| Topical term or geographic name entry element |
Statistiques |
| 9 (RLIN) |
49159 |
| 650 #7 - SUBJECT ADDED ENTRY--TOPICAL TERM |
| Topical term or geographic name entry element |
CRONOLOGIA HISTORICA |
| General subdivision |
PUBLICACIONES PERIODICAS. |
| 9 (RLIN) |
49160 |
| 650 17 - SUBJECT ADDED ENTRY--TOPICAL TERM |
| Topical term or geographic name entry element |
Geografie. |
| 9 (RLIN) |
49161 |
| 650 17 - SUBJECT ADDED ENTRY--TOPICAL TERM |
| Topical term or geographic name entry element |
WORLD GOVERNMENT. |
| 9 (RLIN) |
49162 |
| 650 17 - SUBJECT ADDED ENTRY--TOPICAL TERM |
| Topical term or geographic name entry element |
WORLD POLITICS. |
| 700 1# - ADDED ENTRY--PERSONAL NAME |
| Personal name |
Epstein, Mortimer, |
| 9 (RLIN) |
49163 |
| 700 1# - ADDED ENTRY--PERSONAL NAME |
| Personal name |
Hunter, Brian |
| 9 (RLIN) |
49164 |
| 700 1# - ADDED ENTRY--PERSONAL NAME |
| Personal name |
Keltie, John Scott, |
| 9 (RLIN) |
49165 |
| 700 1# - ADDED ENTRY--PERSONAL NAME |
| Personal name |
Martin, Frederick, |
| 9 (RLIN) |
49166 |
| 700 1# - ADDED ENTRY--PERSONAL NAME |
| Personal name |
Paxton, John. |
| 9 (RLIN) |
49167 |
| 700 1# - ADDED ENTRY--PERSONAL NAME |
| Personal name |
Renwick, Isaac Parker Anderson. |
| 9 (RLIN) |
49168 |
| 700 1# - ADDED ENTRY--PERSONAL NAME |
| Personal name |
Steinberg, S. H. |
| 9 (RLIN) |
49169 |
| 700 1# - ADDED ENTRY--PERSONAL NAME |
| Personal name |
Turner, Barry, |
| 942 ## - ADDED ENTRY ELEMENTS (KOHA) |
| Source of classification or shelving scheme |
|
| Koha item type |
Book |